000 00293nam a22001337a 4500
008 171019b xxu||||| |||| 00| 0 eng d
020 _a9781556236396
041 _aeng
080 _a338
100 _a53
101 _aMNG
245 _aMANAGING DIVERSITY
_cGARDENSWARTZ, L
942 _2udc
_cBK
999 _c34859
_d34859